000 00728nam a2200253Ia 4500
003 OSt
005 20220925220512.0
006 a|||||r|||| 00| 0
007 ta
008 220923b |||||||| |||| 00| 0 eng d
037 _cGeneral Book
040 _aRTL
_cRTL
_beng
041 _2eng
_aeng
082 _aX0aW, M5
100 _aMatthews R C O Ed.
_9282497
245 0 _aEconomy and democracy
260 _aLondon
_bMacmillan
_c1985
300 _axii,260p
_ccm.
490 _aBritish Association for the Advancement in Science
500 _aBibliography chapterwise
650 _aEconomics IRT Political Science
942 _hX0aW, M5
_cGB
_2CC
999 _c571656
_d571656